<?xml version="1.0" encoding="UTF-8"?>
<record
    xmlns:xsi="http://www.w3.org/2001/XMLSchema-instance"
    xsi:schemaLocation="http://www.loc.gov/MARC21/slim http://www.loc.gov/standards/marcxml/schema/MARC21slim.xsd"
    xmlns="http://www.loc.gov/MARC21/slim">

  <leader>01248nam a22001457a 4500</leader>
  <controlfield tag="008">191204b        xxu||||| |||| 00| 0 eng d</controlfield>
  <datafield tag="020" ind1=" " ind2=" ">
    <subfield code="a">9788461266746</subfield>
  </datafield>
  <datafield tag="082" ind1=" " ind2=" ">
    <subfield code="a">745.2</subfield>
    <subfield code="b">F344n</subfield>
  </datafield>
  <datafield tag="100" ind1=" " ind2=" ">
    <subfield code="a">Roberto Feo y Rosario Hurtado (El &#xDA;ltimo Grito) (Editores)</subfield>
    <subfield code="9">7270</subfield>
  </datafield>
  <datafield tag="245" ind1=" " ind2=" ">
    <subfield code="a">Nowhere/Now/Here: Explorando Nuevas L&#xED;neas de Investigaci&#xF3;n en el Dise&#xF1;o Contempor&#xE1;neo</subfield>
  </datafield>
  <datafield tag="260" ind1=" " ind2=" ">
    <subfield code="a">Espa&#xF1;a</subfield>
    <subfield code="b">LABoral Centro de Arte y Creaci&#xF3;n Industrial</subfield>
    <subfield code="c">2009</subfield>
  </datafield>
  <datafield tag="300" ind1=" " ind2=" ">
    <subfield code="a">303 p.</subfield>
    <subfield code="b">ill (col).</subfield>
    <subfield code="c">26,2 x 21,2 cm</subfield>
  </datafield>
  <datafield tag="505" ind1=" " ind2=" ">
    <subfield code="t">Rosina G&#xF3;mez-Baeza. Programa de anticipaci&#xF3;n </subfield>
    <subfield code="t">Erich Berger. Configurar el mundo.</subfield>
    <subfield code="t">Roberto Feo &amp; Rosario Hurtado en conversaci&#xF3;n con Catherine McDermott. Comisariar Nowhere/Now/Where.</subfield>
    <subfield code="t">Roberto Feo, Rosario Hurtado &amp; Diego Sanmart&#xED;n. El Emperador est&#xE1; desnudo.</subfield>
    <subfield code="t">Proyectos Participantes</subfield>
    <subfield code="t">Soledad / El Yo / El Ser / Seducci&#xF3;n / Memento</subfield>
    <subfield code="t">Sistema / Morfolog&#xED;a / Reconfigurar / Simbiosis</subfield>
    <subfield code="t">Solipsismo / Expansi&#xF3;n / Aumento / Revelar</subfield>
    <subfield code="t">Tipolog&#xED;a / Mundano / An&#xE9;cdota / Ficci&#xF3;n / Mito</subfield>
    <subfield code="t">Ensamblaje /  Absorber / Di&#xE1;logos / Subversi&#xF3;n </subfield>
    <subfield code="t">P&#xE9;rdida / Ausencia / Lo Nunca Visto / Identidad</subfield>
    <subfield code="t">En Conversaci&#xF3;n </subfield>
    <subfield code="t">Ensayos</subfield>
    <subfield code="t">Biograf&#xED;as</subfield>
    <subfield code="t">Cr&#xE9;ditos</subfield>
  </datafield>
  <datafield tag="650" ind1=" " ind2=" ">
    <subfield code="2">Arte contempor&#xE1;neo</subfield>
    <subfield code="v">Dise&#xF1;o</subfield>
    <subfield code="v">Exhibici&#xF3;n</subfield>
    <subfield code="v">Dise&#xF1;o - Historia</subfield>
    <subfield code="v">Dise&#xF1;o - Arte industrial</subfield>
    <subfield code="9">7271</subfield>
  </datafield>
  <datafield tag="999" ind1=" " ind2=" ">
    <subfield code="c">1885</subfield>
    <subfield code="d">1885</subfield>
  </datafield>
  <datafield tag="952" ind1=" " ind2=" ">
    <subfield code="0">0</subfield>
    <subfield code="1">0</subfield>
    <subfield code="2">ddc</subfield>
    <subfield code="4">0</subfield>
    <subfield code="7">0</subfield>
    <subfield code="a">LV</subfield>
    <subfield code="b">LV</subfield>
    <subfield code="c">Colectivas</subfield>
    <subfield code="d">2019-12-04</subfield>
    <subfield code="l">0</subfield>
    <subfield code="o">745.2 F344n</subfield>
    <subfield code="p">001655</subfield>
    <subfield code="r">2019-12-04 00:00:00</subfield>
    <subfield code="w">2019-12-04</subfield>
    <subfield code="y">01</subfield>
  </datafield>
</record>
